[Event "EU Union-ch U10 20th"]
[Site "Mureck"]
[Date "2023.08.08"]
[Round "8"]
[White "Konopatskyi, Aleksandr"]
[Black "Fadeev, Justin Michael"]
[Result "1/2-1/2"]
[WhiteElo "1146"]
[BlackElo "1629"]
[PlyCount "41"]
[EventDate "2023.08.02"]
[EventType "swiss"]
[EventRounds "9"]
[EventCountry "AUT"]
[SourceTitle "EXT 2024"]
[Source "ChessBase"]
[SourceDate "2023.10.10"]
[SourceVersion "1"]
[SourceVersionDate "2023.10.10"]
[SourceQuality "1"]

1. b3 d5 2. Bb2 Bf5 3. d3 e6 4. g3 Nf6 5. Bg2 Be7 6. e3 0-0 7. Ne2 c5 8. Nd2 Nc6 9. f4 b5 10. h3 h5 11. Bf3 Qc7 12. Nc3 b4 13. Na4 Bg6 14. Qe2 Rac8 15. g4 h4 16. g5 Nd7 17. Bh5 Qd6 18. Bxg6 fxg6 19. Qg4 d4 20. Nc4 Qc7 21. Qxe6+ 1/2-1/2

[Event "EU Union-ch U10 20th"]
[Site "Mureck"]
[Date "2023.08.05"]
[Round "4"]
[White "Wu, Chenshan"]
[Black "Fadeev, Justin Michael"]
[Result "1/2-1/2"]
[WhiteElo "1674"]
[BlackElo "1629"]
[PlyCount "59"]
[EventDate "2023.08.02"]
[EventType "swiss"]
[EventRounds "9"]
[EventCountry "AUT"]
[SourceTitle "EXT 2024"]
[Source "ChessBase"]
[SourceDate "2023.10.10"]
[SourceVersion "1"]
[SourceVersionDate "2023.10.10"]
[SourceQuality "1"]

1. d4 d5 2. c4 e6 3. Nc3 c6 4. Nf3 dxc4 5. a4 Bb4 6. e3 b5 7. Bd2 a5 8. axb5 Bxc3 9. Bxc3 cxb5 10. b3 Bb7 11. bxc4 b4 12. Bb2 Nf6 13. Bd3 0-0 14. 0-0 Nbd7 15. Nd2 Bc6 16. Bc2 Qe7 17. Re1 Ra6 18. e4 e5 19. d5 Bb7 20. Ba4 Nc5 21. Qc2 Nxa4 22. Rxa4 Nd7 23. Nb3 Rc8 24. Rxa5 Rxa5 25. Nxa5 Nb6 26. Nxb7 Rxc4 27. Qb3 Qxb7 28. Bxe5 Qe7 29. Qb2 f6 30. Bd4 1/2-1/2

[Event "GER-ch U10"]
[Site "Willingen"]
[Date "2023.06.03"]
[Round "11"]
[White "Heins, Simon"]
[Black "Fadeev, Justin Michael"]
[Result "0-1"]
[WhiteElo "1592"]
[BlackElo "1470"]
[PlyCount "170"]
[EventDate "2023.05.27"]
[EventType "swiss"]
[EventRounds "11"]
[EventCountry "GER"]
[SourceTitle "CBM 214 Extra"]
[Source "ChessBase"]
[SourceDate "2023.07.31"]
[SourceVersion "1"]
[SourceVersionDate "2023.07.31"]
[SourceQuality "1"]

1. e4 c5 2. Nf3 Nc6 3. d4 cxd4 4. Nxd4 g6 5. Nc3 Bg7 6. Be3 Nf6 7. Bc4 Qa5 8. 0-0 0-0 9. Bb3 d6 10. h3 Bd7 11. Qd2 Nxd4 12. Bxd4 Nxe4 13. Nxe4 Qxd2 14. Nxd2 Bxd4 15. c3 Bg7 16. Rfe1 e6 17. Rad1 d5 18. c4 dxc4 19. Nxc4 Bc6 20. Ne5 Bxe5 21. Rxe5 Rfd8 22. Rde1 Rd2 23. R1e2 Rad8 24. Kf1 Rxe2 25. Kxe2 Bxg2 26. h4 Bc6 27. Ke3 Kg7 28. f4 Kf6 29. h5 Bd5 30. Bc2 Kg7 31. Rg5 Rc8 32. Bd3 Bxa2 33. hxg6 hxg6 34. Ra5 Bc4 35. Rxa7 Bxd3 36. Kxd3 Rc7 37. b4 Kf6 38. b5 g5 39. b6 Rd7+ 40. Ke4 gxf4 41. Kxf4 e5+ 42. Ke4 Ke6 43. Ra8 f6 44. Re8+ Kf7 45. Rc8 Rd4+ 46. Ke3 Ke7 47. Rc7+ Rd7 48. Rc8 Ke6 49. Re8+ Kf5 50. Rb8 e4 51. Rh8 Rd3+ 52. Ke2 Rd6 53. Ke3 Ke5 54. Re8+ Re6 55. Ra8 Rd6 56. Re8+ Kf5 57. Ra8 Rd3+ 58. Ke2 Rb3 59. Ra5+ Kf4 60. Ra1 Rb2+ 61. Ke1 Rxb6 62. Ra3 Rb2 63. Rh3 e3 64. Rh4+ Ke5 65. Ra4 f5 66. Rh4 f4 67. Rh8 Ke4 68. Kf1 e2+ 69. Ke1 Kf3 70. Rh3+ Kg4 71. Rg3+ Kf5 72. Rf3 Ke4 73. Re3+ Kd4 74. Rf3 Ke5 75. Re3+ Kf5 76. Rf3 b5 77. Rc3 b4 78. Rc5+ Kg4 79. Rc8 f3 80. Rg8+ Kh5 81. Rf8 Rb1+ 82. Kf2 e1Q+ 83. Kxf3 Qf1+ 84. Ke3 Re1+ 85. Kd2 Qe2# 0-1

[Event "GER-ch U10"]
[Site "Willingen"]
[Date "2023.05.31"]
[Round "6"]
[White "Fadeev, Justin Michael"]
[Black "Peglau, Paul David"]
[Result "1/2-1/2"]
[WhiteElo "1470"]
[BlackElo "1745"]
[PlyCount "41"]
[EventDate "2023.05.27"]
[EventType "swiss"]
[EventRounds "11"]
[EventCountry "GER"]
[SourceTitle "CBM 214 Extra"]
[Source "ChessBase"]
[SourceDate "2023.07.31"]
[SourceVersion "1"]
[SourceVersionDate "2023.07.31"]
[SourceQuality "1"]

1. e4 c5 2. Nf3 Nc6 3. d4 cxd4 4. Nxd4 Qb6 5. Nxc6 dxc6 6. Bd3 e5 7. 0-0 Nf6 8. Nd2 Be6 9. Nf3 Bd6 10. Ng5 Bg4 11. Be2 Bxe2 12. Qxe2 0-0 13. Rb1 Rad8 14. Be3 Bc5 15. Bxc5 Qxc5 16. Rfd1 h6 17. Nf3 Qe7 18. h3 Qb4 19. Re1 Rfe8 20. c3 Qe7 21. Rbd1 1/2-1/2

[Event "GER-ch U10"]
[Site "Willingen"]
[Date "2023.05.30"]
[Round "5"]
[White "Tarasenko, Nazar"]
[Black "Fadeev, Justin Michael"]
[Result "1/2-1/2"]
[WhiteElo "1970"]
[BlackElo "1470"]
[PlyCount "79"]
[EventDate "2023.05.27"]
[EventType "swiss"]
[EventRounds "11"]
[EventCountry "GER"]
[SourceTitle "CBM 214 Extra"]
[Source "ChessBase"]
[SourceDate "2023.07.31"]
[SourceVersion "1"]
[SourceVersionDate "2023.07.31"]
[SourceQuality "1"]

1. d4 d5 2. c4 e6 3. Nc3 c6 4. e4 dxe4 5. Nxe4 Bb4+ 6. Bd2 Qxd4 7. Bxb4 Qxe4+ 8. Ne2 Na6 9. Ba3 Bd7 10. Qd6 0-0-0 11. 0-0-0 e5 12. Ng3 Qf4+ 13. Kb1 Bf5+ 14. Nxf5 Rxd6 15. Nxd6+ Kb8 16. Ne8 Kc8 17. g3 Qg4 18. f3 Qe6 19. Nd6+ Kc7 20. h4 Ne7 21. Bh3 f5 22. Ne4 Nc8 23. Rhe1 Rd8 24. Ng5 Rxd1+ 25. Rxd1 Qg6 26. f4 exf4 27. gxf4 h6 28. h5 Qe8 29. Bxf5 hxg5 30. fxg5 Qe5 31. Rd7+ Kb8 32. Rf7 Qe1+ 33. Kc2 Qe2+ 34. Kc3 Qe3+ 35. Kc2 Qe2+ 36. Kc3 Qxh5 37. Rf8 Qf3+ 38. Kc2 Qf2+ 39. Kb3 Qe3+ 40. Kc2 1/2-1/2

[Event "GER-ch U10"]
[Site "Willingen"]
[Date "2023.05.28"]
[Round "1"]
[White "Wettstein, Levin"]
[Black "Fadeev, Justin Michael"]
[Result "0-1"]
[WhiteElo "1416"]
[BlackElo "1470"]
[PlyCount "68"]
[EventDate "2023.05.27"]
[EventType "swiss"]
[EventRounds "11"]
[EventCountry "GER"]
[SourceTitle "CBM 214 Extra"]
[Source "ChessBase"]
[SourceDate "2023.07.31"]
[SourceVersion "1"]
[SourceVersionDate "2023.07.31"]
[SourceQuality "1"]

1. e4 c5 2. Nc3 Nc6 3. Nf3 g6 4. d4 cxd4 5. Nxd4 Bg7 6. Be3 Nf6 7. Bc4 Qa5 8. f3 0-0 9. Qd2 d6 10. Nxc6 bxc6 11. 0-0-0 Rb8 12. Ne2 Qa4 13. Bb3 Qa6 14. Qd3 Qb7 15. g4 a5 16. a4 Be6 17. Nd4 Bxb3 18. Nxb3 c5 19. g5 Nh5 20. Bd2 c4 21. Qxc4 Rfc8 22. Qb5 Qxb5 23. axb5 Rxb5 24. Bc3 Bxc3 25. bxc3 Rxc3 26. Nd4 Rbc5 27. f4 e5 28. fxe5 dxe5 29. Nf5 Rxc2+ 30. Kb1 gxf5 31. exf5 Rc8 32. f6 R2c4 33. Rd5 Rb8+ 34. Ka2 Ra4# 0-1

[Event "GER-ch U10"]
[Site "Willingen"]
[Date "2022.06.10"]
[Round "10"]
[White "Stehning, Toni"]
[Black "Fadeev, Justin Michael"]
[Result "1-0"]
[WhiteElo "1097"]
[BlackElo "1320"]
[PlyCount "61"]
[EventDate "2022.06.04"]
[EventType "swiss"]
[EventRounds "11"]
[EventCountry "GER"]
[SourceTitle "CBM 208 Extra"]
[Source "ChessBase"]
[SourceDate "2022.07.31"]
[SourceVersion "1"]
[SourceVersionDate "2022.07.31"]
[SourceQuality "1"]

1. e4 c5 2. Nc3 Nc6 3. g3 g6 4. Bg2 Bg7 5. d3 d6 6. Be3 e6 7. Qd2 Nge7 8. Bh6 0-0 9. h4 Nd4 10. h5 a5 11. Bxg7 Kxg7 12. hxg6 Nxg6 13. Qh6+ Kf6 14. e5+ Ke7 15. exd6+ Qxd6 16. Ne4 Qe5 17. 0-0-0 a4 18. f4 Qd5 19. c4 Qd8 20. Qg5+ Kd7 21. Qxc5 Nc6 22. Qd6+ Ke8 23. Nf6+ Qxf6 24. Bxc6+ bxc6 25. Qxc6+ Kd8 26. Qxa8 Qd4 27. Qa5+ Ke7 28. Qxa4 Qe3+ 29. Kb1 Bd7 30. Qb4+ Ke8 31. f5 1-0

[Event "GER-ch U10"]
[Site "Willingen"]
[Date "2022.06.09"]
[Round "8"]
[White "Rudolph, Simon"]
[Black "Fadeev, Justin Michael"]
[Result "0-1"]
[WhiteElo "1361"]
[BlackElo "1320"]
[PlyCount "52"]
[EventDate "2022.06.04"]
[EventType "swiss"]
[EventRounds "11"]
[EventCountry "GER"]
[SourceTitle "CBM 208 Extra"]
[Source "ChessBase"]
[SourceDate "2022.07.31"]
[SourceVersion "1"]
[SourceVersionDate "2022.07.31"]
[SourceQuality "1"]

1. e4 c5 2. Nf3 Nc6 3. d4 cxd4 4. Nxd4 g6 5. Nc3 Bg7 6. Be3 Nf6 7. f3 0-0 8. Qd2 d5 9. exd5 Nxd5 10. Nxc6 bxc6 11. Nxd5 cxd5 12. c3 e5 13. Bb5 d4 14. cxd4 exd4 15. Bf4 Qe7+ 16. Kf2 Bb7 17. Rhe1 Qc5 18. Bd3 Rfe8 19. Rac1 Qb6 20. Bc7 Qf6 21. Rxe8+ Rxe8 22. Bb5 Re3 23. Bg3 Bh6 24. Qc2 d3 25. Qc7 Rxf3+ 26. gxf3 Qxf3+ 0-1

[Event "GER-ch U10"]
[Site "Willingen"]
[Date "2022.06.06"]
[Round "3"]
[White "Nezhyvenko, Mykhaylo"]
[Black "Fadeev, Justin Michael"]
[Result "1-0"]
[WhiteElo "1488"]
[BlackElo "1320"]
[PlyCount "159"]
[EventDate "2022.06.04"]
[EventType "swiss"]
[EventRounds "11"]
[EventCountry "GER"]
[SourceTitle "CBM 208 Extra"]
[Source "ChessBase"]
[SourceDate "2022.07.31"]
[SourceVersion "1"]
[SourceVersionDate "2022.07.31"]
[SourceQuality "1"]

1. e4 c5 2. Nf3 Nc6 3. d4 cxd4 4. Nxd4 g6 5. c4 Bg7 6. Be3 Nf6 7. Nc3 0-0 8. Be2 d6 9. h4 Qa5 10. Nb3 Qe5 11. Nd2 h5 12. Nd5 Nxe4 13. Nxe4 Qxe4 14. 0-0 Bf5 15. Bf3 Qc2 16. Qxc2 Bxc2 17. Rac1 Bf5 18. b3 Rac8 19. Rfe1 Bb2 20. Rcd1 e6 21. Nf4 Rfd8 22. Re2 Bc3 23. Bxc6 Rxc6 24. Bd4 Bxd4 25. Rxd4 Rcc8 26. Rd1 Rd7 27. f3 Rcd8 28. Red2 Kg7 29. Kf2 d5 30. cxd5 exd5 31. Rxd5 Rxd5 32. Rxd5 Rxd5 33. Nxd5 Bb1 34. Nc3 Bf5 35. Nb5 a6 36. Nd6 Bb1 37. a3 Ba2 38. b4 Bd5 39. g4 Kf6 40. Ke3 Bc6 41. Kf4 b5 42. Ne4+ Bxe4 43. Kxe4 Ke6 44. Kf4 Kf6 45. Ke3 Ke5 46. f4+ Kd5 47. f5 Ke5 48. fxg6 fxg6 49. Kf3 Ke6 50. gxh5 gxh5 51. Ke4 Kf6 52. Kf4 Kg6 53. Ke5 Kg7 54. Kf5 Kh6 55. Kf6 Kh7 56. Kg5 Kg7 57. Kxh5 Kh7 58. Kg5 Kg7 59. h5 Kh7 60. h6 Kg8 61. Kf6 Kh7 62. Ke6 Kxh6 63. Kd6 Kg6 64. Kc6 Kf6 65. Kb6 Ke6 66. Kxa6 Kd6 67. Kxb5 Kc7 68. Ka6 Kb8 69. Kb6 Ka8 70. Kc7 Ka7 71. b5 Ka8 72. a4 Ka7 73. b6+ Ka6 74. b7 Ka5 75. b8Q Kxa4 76. Kc6 Ka3 77. Kc5 Ka2 78. Kc4 Ka1 79. Kc3 Ka2 80. Qb2# 1-0

[Event "GER-ch U10"]
[Site "Willingen"]
[Date "2021.08.28"]
[Round "9"]
[White "Fadeev, Justin Michael"]
[Black "Shen, Tingrui"]
[Result "0-1"]
[WhiteElo "1323"]
[BlackElo "1508"]
[PlyCount "68"]
[EventDate "2021.08.22"]
[EventType "swiss"]
[EventRounds "11"]
[EventCountry "GER"]
[SourceTitle "EXT 2022"]
[Source "ChessBase"]
[SourceDate "2021.10.06"]
[SourceVersion "1"]
[SourceVersionDate "2021.10.06"]
[SourceQuality "1"]

1. e4 c5 2. Nf3 g6 3. d4 cxd4 4. Nxd4 Bg7 5. Nc3 Nc6 6. Be3 Nf6 7. Bc4 Qa5 8. 0-0 0-0 9. Bb3 d6 10. h3 Bd7 11. Qd2 Nxd4 12. Qxd4 Ng4 13. Qd2 Nxe3 14. Qxe3 Bxc3 15. bxc3 Rac8 16. Qf4 Qxc3 17. Rad1 Bc6 18. f3 Qe5 19. Qg4 Qh5 20. Qf4 Qc5+ 21. Kh1 Kg7 22. Qg4 e6 23. Rd3 Bb5 24. c4 Bxc4 25. Bxc4 Qxc4 26. Rdd1 Rfd8 27. Rc1 Qxa2 28. Ra1 Qe2 29. Rfe1 Qd2 30. Red1 Qe3 31. Re1 Qc5 32. Rec1 Qe5 33. Rab1 Rxc1+ 34. Rxc1 d5 0-1

[Event "GER-ch U10"]
[Site "Willingen"]
[Date "2021.08.24"]
[Round "3"]
[White "Akcapinar, Timur"]
[Black "Fadeev, Justin Michael"]
[Result "0-1"]
[WhiteElo "1216"]
[BlackElo "1323"]
[PlyCount "68"]
[EventDate "2021.08.22"]
[EventType "swiss"]
[EventRounds "11"]
[EventCountry "GER"]
[SourceTitle "EXT 2022"]
[Source "ChessBase"]
[SourceDate "2021.10.06"]
[SourceVersion "1"]
[SourceVersionDate "2021.10.06"]
[SourceQuality "1"]

1. e4 c5 2. Nf3 g6 3. d4 cxd4 4. Nxd4 Nc6 5. Nc3 Bg7 6. Be3 Nf6 7. Bc4 d6 8. Nxc6 bxc6 9. e5 dxe5 10. Qxd8+ Kxd8 11. 0-0-0+ Kc7 12. Bc5 Bf8 13. Rhe1 Nd7 14. Be3 e6 15. f4 Bg7 16. fxe5 Bxe5 17. g3 Bg7 18. Bf4+ e5 19. Be3 f5 20. Bg5 e4 21. Be7 Be5 22. Re2 Re8 23. Bb4 a5 24. Ba3 Ba6 25. Bxa6 Rxa6 26. Na4 Raa8 27. Red2 Rad8 28. Bd6+ Bxd6 29. Rxd6 e3 30. R6d3 Re7 31. Re1 Rde8 32. b3 Ne5 33. Rdxe3 Nd3+ 34. Kd2 Nxe1 0-1